Theory and construction of direct -current machines / (Record no. 180565)

000 -LEADER
fixed length control field 00475 a2200181 4500
003 - CONTROL NUMBER IDENTIFIER
control field Nust
005 - DATE AND TIME OF LATEST TRANSACTION
control field 20230721111847.0
040 ## - CATALOGING SOURCE
Transcribing agency Nust
082 ## - DEWEY DECIMAL CLASSIFICATION NUMBER
Classification number 621.3132,HAN
100 ## - MAIN ENTRY--PERSONAL NAME
Personal name Hancock, Scott
9 (RLIN) 101726
245 ## - TITLE STATEMENT
Title Theory and construction of direct -current machines /
Statement of responsibility, etc. Scott Hancock
250 ## - EDITION STATEMENT
Edition statement 1st ed
260 ## - PUBLICATION, DISTRIBUTION, ETC.
Place of publication, distribution, etc. Britian
Name of publisher, distributor, etc. U.S.A
Date of publication, distribution, etc. 1945
300 ## - PHYSICAL DESCRIPTION
Extent 68:p
505 ## - FORMATTED CONTENTS NOTE
Formatted contents note contents not available
650 ## - SUBJECT ADDED ENTRY--TOPICAL TERM
Topical term or geographic name entry element Construction of DC Machines
9 (RLIN) 113783
942 ## - ADDED ENTRY ELEMENTS (KOHA)
Source of classification or shelving scheme
Koha item type Book Bank
Holdings
Withdrawn status Lost status Source of classification or shelving scheme Damaged status Not for loan Permanent Location Current Location Shelving location Date acquired Full call number Barcode Date last seen Price effective from Koha item type Public note
          Military College of Signals (MCS) Military College of Signals (MCS) General Stacks 12/12/2016 621.3132,HAN MCS5306 12/08/2016 12/12/2016 Book Almirah No 88, Shelf No 2
© 2023 Central Library, National University of Sciences and Technology. All Rights Reserved.